| 000 | 00398nam a2200157Ia 4500 | ||
|---|---|---|---|
| 008 | 230524s9999 xx 000 0 und d | ||
| 082 |
_a4.378 _bBHA |
||
| 100 | _aAnil Bhat | ||
| 245 | 0 | _a"Management: Principles, Processes and Practices" | |
| 260 |
_aOXFORD _bOxford _c2010 |
||
| 300 | _aXVI;890 | ||
| 500 | _aQuantity Number: 6 | ||
| 650 | _aManagement | ||
| 700 | _a Arya Kumar | ||
| 942 | _cBK | ||
| 999 |
_c49163 _d49163 |
||